ASAS-ASAS FARDHU AIN Wanita / (Record no. 199073)
[ view plain ]
| 000 -LEADER | |
|---|---|
| fixed length control field | 01224nam a2200325 i 4500 |
| 003 - CONTROL NUMBER IDENTIFIER | |
| control field | OSt |
| 005 - DATE AND TIME OF LATEST TRANSACTION | |
| control field | 20250310124747.0 |
| 008 - FIXED-LENGTH DATA ELEMENTS--GENERAL INFORMATION | |
| fixed length control field | 250227s2024 my o gr 000 0 may |
| 020 ## - INTERNATIONAL STANDARD BOOK NUMBER | |
| International Standard Book Number | 9786297556918 |
| Qualifying information | paperback |
| Terms of availability | RM 25.00 |
| 040 ## - CATALOGING SOURCE | |
| Original cataloging agency | PPAK |
| Language of cataloging | eng |
| Transcribing agency | PPAK |
| Description conventions | rda |
| 082 04 - DEWEY DECIMAL CLASSIFICATION NUMBER | |
| Classification number | 297.5 |
| Edition number | 23 |
| 090 00 - LOCALLY ASSIGNED LC-TYPE CALL NUMBER (OCLC); LOCAL CALL NUMBER (RLIN) | |
| Classification number (OCLC) (R) ; Classification number, CALL (RLIN) (NR) | 297.5 |
| Feature heading | SIT |
| Feature heading | G |
| 100 0# - MAIN ENTRY--PERSONAL NAME | |
| Personal name | Siti Aminah Sulieman, |
| Relator term | author. |
| 245 10 - TITLE STATEMENT | |
| Title | ASAS-ASAS FARDHU AIN Wanita / |
| Statement of responsibility, etc. | USTAZAH SITI AMINAH SULIEMAN ; Editor Nurhajar Nafi'ah, Zuber. |
| 246 04 - VARYING FORM OF TITLE | |
| Title proper/short title | Asas-asas fardhu ain wanita : |
| Remainder of title | Hukum-hakam berkaitan thaharah, darah wanita, solat, puasa, zakat, haji dan umrah. |
| 264 #1 - PRODUCTION, PUBLICATION, DISTRIBUTION, MANUFACTURE, AND COPYRIGHT NOTICE | |
| Place of production, publication, distribution, manufacture | Petaling Jaya, Selangor : |
| Name of producer, publisher, distributor, manufacturer | GALERI ILMU SDN. BHD., |
| Date of production, publication, distribution, manufacture, or copyright notice | 2024 |
| 300 ## - PHYSICAL DESCRIPTION | |
| Extent | xiv, 202 pages : |
| Other physical details | photographs ; |
| Dimensions | 22 cm. |
| 336 ## - CONTENT TYPE | |
| Content type term | text |
| Source | rdacontent |
| Content type term | still image |
| Source | rdacontent |
| 337 ## - MEDIA TYPE | |
| Media type term | unmediated |
| Source | rdamedia |
| 338 ## - CARRIER TYPE | |
| Carrier type term | volume |
| Source | rdacarrier |
| 500 ## - GENERAL NOTE | |
| General note | Contains verses from the Qur'an and quotes from the Hadith. |
| 650 10 - SUBJECT ADDED ENTRY--TOPICAL TERM | |
| Topical term or geographic name entry element | Islam |
| General subdivision | Customs and practices |
| Topical term or geographic name entry element | Religious life |
| General subdivision | Islam |
| Topical term or geographic name entry element | Muslims |
| General subdivision | Conduct of life |
| Topical term or geographic name entry element | Pillars of Islam |
| 700 0# - ADDED ENTRY--PERSONAL NAME | |
| Personal name | Nurhajar Nafi'ah, |
| Relator term | editor. |
| Personal name | Zuber, |
| Relator term | editor. |
| 942 ## - ADDED ENTRY ELEMENTS (KOHA) | |
| Source of classification or shelving scheme | Dewey Decimal Classification |
| Koha item type | Book |
| Withdrawn | Not for loan | Current library | Shelving location | Date acquired | Total Checkouts | Full call number | Barcode | Date last seen | Koha item type | Total Renewals | Date last checked out |
|---|---|---|---|---|---|---|---|---|---|---|---|
| Perpustakaan Alor Setar | Pinjaman Dewasa | 12/03/2025 | 297.5 SIT | A01868672 | 12/03/2025 | Book | |||||
| Perpustakaan Awam Sungai Petani | Pinjaman Dewasa | 12/03/2025 | 297.5 SIT | A01868673 | 12/03/2025 | Book | |||||
| Perpustakaan Baling | Pinjaman Dewasa | 12/03/2025 | 297.5 SIT | A01868677 | 12/03/2025 | Book | |||||
| Perpustakaan Bandar Baharu | Pinjaman Dewasa | 12/03/2025 | 297.5 SIT | A01868678 | 12/03/2025 | Book | |||||
| Perpustakaan Jitra | Pinjaman Dewasa | 12/03/2025 | 2 | 297.5 SIT | A01868674 | 14/02/2026 | Book | 1 | 10/01/2026 | ||
| Perpustakaan Kulim | Pinjaman Dewasa | 12/03/2025 | 1 | 297.5 SIT | A01868676 | 03/09/2025 | Book | 20/08/2025 | |||
| Perpustakaan Langkawi | Pinjaman Dewasa | 12/03/2025 | 2 | 297.5 SIT | A01868675 | 12/10/2025 | Book | 1 | 08/10/2025 |